Darrera garba : sonets / Frederic Alfonso i Orfila ; pròleg de Mn. Pere Ribot ; il·lustracions de Jordi Roca sonets / Frederic Alfonso i Orfila ; pròleg de Mn. Pere Ribot ; il·lustracions de Jordi Roca
Descripción Física:
181 p. : il. ; 23 cm
Colección:
Biblioteca quadern ; 18
MARC
| LEADER | 00000nam a2200000Ia 4500 | ||
|---|---|---|---|
| 001 | 9564 | ||
| 003 | BGR | ||
| 005 | 20260324175314.0 | ||
| 008 | 160829s9999 xx 000 0 cat d | ||
| 080 | |a L-1-66 | ||
| 100 | |a Alfonso i Orfila, Frederic |9 25829 | ||
| 245 | |a Darrera garba : |b sonets / Frederic Alfonso i Orfila ; pròleg de Mn. Pere Ribot ; il·lustracions de Jordi Roca | ||
| 260 | |a Sabadell : |b Amics de les Arts i de les Lletres, DL 1991 | ||
| 300 | |a 181 p. : |b il. ; |c 23 cm | ||
| 490 | |a Biblioteca quadern ; 18 | ||
| 700 | |a Ribot, Pere, pr. |9 25830 | ||
| 700 | |a Roca, Jordi, il. |9 25831 | ||
| 710 | 2 | |9 70301 |a Amics de les Arts i de les Lletres de Sabadell | |
| 901 | |a Arxiu | ||
| 942 | |n 1 |2 udc |c MON | ||
| 952 | |0 0 |1 0 |4 0 |6 L166 |7 1 |9 43809 |a Arxiu |b Arxiu |d 2016-12-01 |l 0 |o L-1-66 |p 9564 |r 2016-12-01 00:00:00 |w 2016-12-01 |y ARXIU | ||
| 999 | |c 46358 |d 46358 | ||